000 00477nam a2200181Ia 4500
001 469
005 20260306140520.0
008 260306t2016||||xx |||||||||||||| ||spa||
041 _aESP
082 _a121
_bI54
100 _aIniciarte, Fernando
_eAUT
245 0 _aCultura y verdad :
_bsobre lo objetivo y lo subjetivo en el arte, la vida y la filosofía
260 _c2016
300 _a339 páginas :
_c21 cm.
650 _aGEN
654 _aCHU
942 _cLIB
_dJUS
_fJUS
_2ddc
_n
999 _c469
_d469